| 000 | 00706 a2200217 4500 | ||
|---|---|---|---|
| 001 | 25312 | ||
| 005 | 20260407155537.0 | ||
| 008 | 260407a1999 arg spa d | ||
| 003 | AR-UNSa-BCEJYS | ||
| 040 |
_aAR-UNSa-BCEJYS _bspa _cAR-UNSa-BCEJYS |
||
| 080 |
_a174.4 _xEtica Económica |
||
| 245 | 1 | 0 | _aSobre ética y economía |
| 020 | _a978-84-206-6735-5 | ||
| 250 | _a1a. ed., 4a. reimp. | ||
| 264 | 1 |
_aMadrid : _bAlianza Editorial _c1999 |
|
| 300 |
_a152 p. _c20 cm. |
||
| 505 | _a1. Comportamiento económico y sentimientos morales - 2. Valoraciones económicas y filosofía moral - 3. Libertad y consecuencia | ||
| 942 | _cBK | ||
| 590 | _aniveau_biblio:m niveau_hierar:0 | ||
| 100 | 1 | _aSen, Amartya | |
| 999 |
_c1360 _d1360 |
||